Statistics for Number of people living in poverty 2019

Click here to take the quiz!

General Stats

  • This quiz has been taken 35 times
  • The average score is 8 of 11

Answer Stats

HintAnswer% Correct
46 millionIndia
96%
59 millionD.R Congo
92%
14 millionIndonesia
88%
91 millionNigeria
85%
16 millionBangladesh
81%
28 millionEthiopia
77%
18 millionTanzania
62%
13.5 millionUganda
54%
17 millionMozambique
50%
13 millionSouth Africa
50%
20 millionMadagascar
19%

Score Distribution

Percentile by Number Answered

Percent of People with Each Score

Your Score History

You have not taken this quiz